000 00707nam a2200289Ia 4500
005 20260324141845.0
008 008 260324s9999 xx 000 0 eng d
020 _a9781315082882
037 _aEBOOK
040 _aCRL
040 _beng
040 _cCRL
041 _2eng
041 _aeng
084 _qCRL
100 _aWilliam B. Helmreich
_91209784
245 0 _aAgainst All Odds
245 0 _bHolocaust Survivors and the Successful Lives They Made in America
260 _bTaylor and Francis
260 _c1996
365 _a
365 _b210
856 _uhttp://www.taylorfrancis.com/books/9781315082882
942 _cEBOOK
999 _c1813301
_d1813301